LEADER 01142nam0 2200253 450 001 000028266 005 20110218103855.0 100 $a20110218d1960----km-y0itaa50------ba 101 0 $aita 102 $aIT 200 1 $a<> sintesi dell'ammoniaca$ei procedimenti dell'ingegneria chimica applicati alla produzione e purificazione dei gas di partenza, allo studio teorico delle condizioni di sintesi, alla realizzazione pratica dei processi di sintesi$fCarlo Antonio Vancini 210 $aMilano$c<> Hoepli$d1960 215 $aXXVII, 1068 p., [32] c. di tav.$cill.$d26 cm. 606 1 $aAmmoniaca sintetica 676 $a661.34$v(22. ed.)$9Tecnologia delle sostanze chimiche. Ammoniaca e idrossido d'ammonio 700 1$aVancini,$bCarlo Antonio$02046 801 0$aIT$bUniversitŕ della Basilicata - B.I.A.$gRICA$2unimarc 912 $a000028266 996 $aSintesi dell'ammoniaca$995283 997 $aUNIBAS BAS $aSCIENZE CAT $aTTM$b30$c20110218$lBAS01$h1038 FMT Z30 -1$lBAS01$LBAS01$mBOOK$1BASA2$APolo Tecnico-Scientifico$2DID$BDidattica$3PTS.S2.P13.31$657495$5T57495$820110218$eXV, 529$f98$FConsultazione LEADER 01944nam 2200433 450 001 000012237 005 20050718115400.0 010 $a3-540-63344-8 100 $a20030410d1997----km-y0itay0103----ba 101 0 $aeng 102 $aDE 200 1 $aThree-space problems in Banach space theory$fJesús M. F. Castillo, Manuel González 210 $aBerlin [etc.]$cSpringer$dc1997 215 $aXII, 267 p.$d24 cm. 225 2 $aLecture notes in mathematics$v1667 410 0$12001$aLecture notes in mathematics 606 $aSpazio di Banach 676 $a515.732$v(21. ed.)$9Analisi funzionale. Spazi di Banach 691 $a46B03$9Functional analysis. Normed linear spaces and Banach spaces; Banach lattices.Isomorphic theory (including renorming) of Banach spaces 691 $a46B20$9Functional analysis. Normed linear spaces and Banach spaces; Banach lattices. Geometry and structure of normed linear spaces 691 $a46B08$aFunctional analysis. Normed linear spaces and Banach spaces; Banach lattices. Ultraproduct techniques in Banach space theory 691 $a46B10$9Functional analysis. Normed linear spaces and Banach spaces; Banach lattices. Duality and reflexivity 700 1$aCastillo,$bJesús M. F.$0756984 701 1$aGonzález,$bManuel$00 801 0$aIT$bUniversitŕ della Basilicata - B.I.A.$gRICA$2unimarc 912 $a000012237 996 $aThree-space problems in Banach space theory$91526795 997 $aUNIBAS BAS $aMONSCI BAS $aSCIENZE CAT $aEXT003$b01$c20030410$lBAS01$h0919 CAT $aEXT003$b01$c20030508$lBAS01$h1550 CAT $c20050601$lBAS01$h1755 CAT $abatch$b01$c20050718$lBAS01$h1051 CAT $c20050718$lBAS01$h1110 CAT $c20050718$lBAS01$h1140 CAT $c20050718$lBAS01$h1154 FMT Z30 -1$lBAS01$LBAS01$mBOOK$1BASA5$ADipartimento Matematica$2GEN$BCollezione generale$3MAT$64642$5M4642$820030410$f51$FRiservati